000 00550nam a2200193 a 4500
001 1770711733881
003 YourLibrary
005 20260210141057.0
008 260210s2003##################000#0#eng##
020 _a9783631507513
082 0 4 _a306.4469171
_bGRE
100 1 _aGregor, Esma,
_eauthor.
245 1 0 _aRussian-English Code-switching in New York City :
260 _bPeter Lang Pub Incorporated,
_c2003.
300 _a195 pages
650 0 _aLanguage Arts & Disciplines.
942 _cENGLISH
040 _aYourLibrary
_beng
_cYourLibrary
999 _c611310
_d611310